000
00208nam a2200085Ia 4500
008
170617s9999 xx 000 0 und d
100
_a
Jacab annamma
245
0
_a
Maternal & neonatal nursing care plans
260
_b
Jaypee
260
_c
2009
999
_c
13016
_d
13016